000 00674nam a2200193 a 4500
001 BRCA_2087
005 20190320203649.0
008 080808s1990----mx-a---###---#000-0#spa-#
050 4 _aF1391.P8
_b.L43 14
_c1990
245 1 0 _aApuntes biográficos del sr. d. José Manso.
250 _a2
260 _aPuebla, México
_bGobierno del Estado de Puebla : Secretaría de Cultura : Comisión Puebla V Centenario
_c1990
300 _a35 p.
_bil.
_c21 cm.
440 0 _aLecturas Históricas de Puebla
_n14
_96339
600 1 4 _aManso, José
_vBiografías
_96340
651 4 _aPuebla (México)
_xHistoria
_9409
651 4 _aPuebla (México)
_xLecturas históricas
_96341
942 _2lcc
_cB
999 _c1844
_d1844